| 000 | 01278nam a22003737a 4500 | ||
|---|---|---|---|
| 001 | 476 | ||
| 003 | FISKH | ||
| 005 | 20250513083313.0 | ||
| 008 | 230426b cb ||||| |||| 00| 0 eng d | ||
| 010 | _a 2013040639 | ||
| 020 | _a9781410966971 (pb) | ||
| 020 | _a9780805049008 | ||
| 020 | _a9781410967114 (big book) | ||
| 040 |
_aDLC _beng _cDLC _erda _dDLC _dFISKH |
||
| 050 | 0 | 0 |
_aGR335 _b.G83 2015 |
| 082 | 0 | 0 |
_a398.20951 _223 |
| 100 | 1 | _aGuillain, Charlotte. | |
| 245 | 1 | 4 |
_aThe empty pot : _ba Chinese folk tale / _cwritten by Charlotte Guillain ; illustrated by Steve Dorado. |
| 250 | _aFirst Square Fish edition, February 2012 | ||
| 260 |
_aNew York : _bSquare Fish, _c1990 |
||
| 300 |
_a30 unnumbered pages : _bcolor illustrations ; _c26 cm. |
||
| 336 |
_atext _2rdacontent |
||
| 337 |
_aunmediated _2rdamedia |
||
| 338 |
_avolume _2rdacarrier |
||
| 490 | 0 | _aFolk tales from around the world | |
| 505 | _aP | ||
| 520 | _aWhen Ping admits that he is the only child in China unable to grow a flower from the seeds distributed by the Emperor, he is rewarded for his honesty. | ||
| 521 | 8 |
_a630
_bLexile AD |
|
| 521 | 8 |
_aP
_bRaz-Plus |
|
| 650 | 0 |
_aTales _zChina. |
|
| 906 |
_a7 _bcbc _corignew _d1 _eecip _f20 _gy-gencatlg |
||
| 942 |
_2ddc _cBK _n0 |
||
| 999 |
_c476 _d476 |
||